| 000 | 00598nam a2200229Ia 4500 | ||
|---|---|---|---|
| 005 | 20240311102839.0 | ||
| 008 | 131103s9999 xx 000 0 und d | ||
| 020 |
_a8176250929 _cRs.950.00 |
||
| 040 | _aLoreto College | ||
| 041 | _aEnglish | ||
| 082 |
_a371.822 _bGUP |
||
| 100 | _aGupta Mukta | ||
| 245 |
_aWomen and Educational Development, _cMukta Gupta |
||
| 260 |
_aNew Delhi _bSarup and Sons _c2000 |
||
| 300 |
_a245p _b tables, graphs |
||
| 630 | _aFeminism | ||
| 630 | _aGender Studies | ||
| 650 | _aWomen Issues | ||
| 651 | _aWomen Studies | ||
| 850 | _aLCLIB | ||
| 942 | _cBK | ||
| 999 |
_c12715 _d63194 |
||